000 00442nam a2200157Ia 4500
003 SGT
020 _a8174090282
082 _a671.52
_bPAR
100 _aParmar, R. S.
245 _aWelding engineering and technology
260 _bKhanna Publishers
_aDelhi
_c2011
300 _a1374p.
650 _aMECHANICAL ENGINEERING
653 _aHEAT FLOW IN WELDING, BASIC METALLURGY OF FUSION WELDS, WELDING STRESSES AND DISTORTION
942 _2ddc
_cBK
999 _c5439
_d5439